000 00249nam a22001097a 4500
003 OSt
008 231116b |||||||| |||| 00| 0 eng d
041 _amal
100 _aDivakaran, Kattakkada
_95688
245 _aKeraleeya Gramangaliloode
942 _cBK
999 _c17966
_d17966